ბათუმის შოთა რუსთაველის სახელმწიფო უნივერსიტეტის ბიბლიოთეკა

Юрдический ловарь / (ბიბ.ჩანაწერი № 35997)

000 -LEADER
fixed length control field 00744nam a2200229Ia 4500
001 - CONTROL NUMBER
control field 1896
003 - CONTROL NUMBER IDENTIFIER
control field GE_BSU
005 - DATE AND TIME OF LATEST TRANSACTION
control field 20221006122841.0
008 - FIXED-LENGTH DATA ELEMENTS--GENERAL INFORMATION
fixed length control field 181216s2006ru xx |||||||||||||| ||rus||
020 ## - INTERNATIONAL STANDARD BOOK NUMBER
International Standard Book Number 5222077349
040 ## - CATALOGING SOURCE
Transcribing agency GE_BSU
041 ## - LANGUAGE CODE
Language code of text/sound track or separate title rus
080 ## - UNIVERSAL DECIMAL CLASSIFICATION NUMBER
Universal Decimal Classification number 34(09) Ю-70
245 ## - TITLE STATEMENT
Title Юрдический ловарь /
Remainder of title Под. общ. ред. В.Т. Гайкова
250 ## - EDITION STATEMENT
Remainder of edition statement Изд. 2-е,доп. и перер.
264 ## - PRODUCTION, PUBLICATION, DISTRIBUTION, MANUFACTURE, AND COPYRIGHT NOTICE
Place of production, publication, distribution, manufacture Ростов Н\Д :
Name of producer, publisher, distributor, manufacturer Феникс,
Date of production, publication, distribution, manufacture, or copyright notice 2006.
300 ## - PHYSICAL DESCRIPTION
Extent 352 с. :
Other physical details 20 см.
653 ## - INDEX TERM--UNCONTROLLED
keyword Юрдический ловарь.
653 ## - INDEX TERM--UNCONTROLLED
keyword იურიდიული ლექსიკონი.
700 ## - ADDED ENTRY--PERSONAL NAME
Personal name Гайкова, В.Т.
Relator term რედაქტორი
9 (RLIN) 15088
942 ## - ADDED ENTRY ELEMENTS (KOHA)
Koha item type წიგნი
Source of classification or shelving scheme
ეგზემპლარები
Withdrawn status Lost status Source of classification or shelving scheme Damaged status Not for loan Permanent Location Current Location Shelving location Date acquired Cost, normal purchase price Full call number Barcode Date last seen Copy number Price effective from Koha item type Public note
          ბათუმის შოთა რუსთაველის სახელმწიფო უნივერსიტეტის მთავარი ბიბლიოთეკა ბათუმის შოთა რუსთაველის სახელმწიფო უნივერსიტეტის მთავარი ბიბლიოთეკა წიგნსაცავი 2018-12-17 12.00 34(09) Ю-70 3865 2018-12-17 3865 2018-12-17 წიგნი 12.00